Salavin / (Record no. 186890)
[ view plain ]
| 000 -LEADER | |
|---|---|
| fixed length control field | 00542 a2200169 4500 |
| 003 - CONTROL NUMBER IDENTIFIER | |
| control field | NUST |
| 005 - DATE AND TIME OF LATEST TRANSACTION | |
| control field | 20230124144003.0 |
| 040 ## - CATALOGING SOURCE | |
| Transcribing agency | Nust |
| 082 ## - DEWEY DECIMAL CLASSIFICATION NUMBER | |
| Classification number | 808.83,DUH |
| 100 ## - MAIN ENTRY--PERSONAL NAME | |
| Personal name | Duhamel, Georgeas |
| 9 (RLIN) | 107535 |
| 245 ## - TITLE STATEMENT | |
| Title | Salavin / |
| Statement of responsibility, etc. | Georges Duhamel |
| 260 ## - PUBLICATION, DISTRIBUTION, ETC. | |
| Place of publication, distribution, etc. | London |
| Name of publisher, distributor, etc. | J.M Dent& Sons |
| Date of publication, distribution, etc. | 1932 |
| 300 ## - PHYSICAL DESCRIPTION | |
| Extent | 436:p. |
| 505 ## - FORMATTED CONTENTS NOTE | |
| Formatted contents note | Book-1: Confession At Midnight (Page-3), Book-2: Salavin’s Journal (Page-87), Book-3: The Lyonnais Club (Page-181), Book-4: End Of Illusion (Page-315). |
| 650 ## - SUBJECT ADDED ENTRY--TOPICAL TERM | |
| Topical term or geographic name entry element | A Novel |
| 9 (RLIN) | 107173 |
| 942 ## - ADDED ENTRY ELEMENTS (KOHA) | |
| Source of classification or shelving scheme | |
| Koha item type | Book |
| Call number prefix | 808.83,DUH |
| Withdrawn status | Lost status | Source of classification or shelving scheme | Damaged status | Not for loan | Permanent Location | Current Location | Shelving location | Date acquired | Full call number | Barcode | Date last seen | Price effective from | Koha item type | Public note |
|---|---|---|---|---|---|---|---|---|---|---|---|---|---|---|
| Military College of Signals (MCS) | Military College of Signals (MCS) | General Stacks | 12/12/2016 | 808.83,DUH | MCS30221 | 12/08/2016 | 12/12/2016 | Book | Almirah No.56, Shelf No.5 |
